Normal view
MARC view
- Shesha Prakash M N
Entry Personal Name
001 - CONTROL NUMBER
- control field: 122
003 - CONTROL NUMBER IDENTIFIER
- control field: OSt
005 - DATE AND TIME OF LATEST TRANSACTION
- control field: 20141209111630.0
008 - FIXED-LENGTH DATA ELEMENTS
- fixed length control field: 141209|| aca||aabn | a|a d
040 ## - CATALOGING SOURCE
- Original cataloging agency: OSt
- Transcribing agency: OSt
100 ## - HEADING--PERSONAL NAME
- Personal name: Shesha Prakash M N
670 ## - SOURCE DATA FOUND
- Source citation: Work cat.: (OSt): Shesha Prakash M N, Experiments in Hydraulics and Hydraulic Machines: Therory and Procedures, 2011
